000
00340nam a2200157 4500
008
170605s2006||||xo d
100
1
_a
Sicák M.
_9
286
245
1
0
_a
Rinológia
250
_a
1. vydanie
260
_b
Kozák press
_a
Martin
_c
2006
300
_a
80 s.
041
1
_a
slo
044
_a
xo
_c
SK
020
_c
5,00
958
_a
A
999
_c
21419
_d
21419